| 000 | 00975nam a2200277 a 4500 | ||
|---|---|---|---|
| 001 | BRCA_3771 | ||
| 005 | 20190320204423.0 | ||
| 008 | 261009s1989----mx-a---###---#000-0#spa-# | ||
| 020 | _a9681629035 | ||
| 041 | _aspa | ||
| 044 | _amx | ||
| 050 | 4 |
_aF1219.8 _b.K57 1989 |
|
| 100 | 1 |
_aKirchhoff, Paul _99833 |
|
| 245 | 1 | 0 |
_aHistoria tolteca-chichimeca _cPaul Kirchhoff, Lina Odena Güemes, Luis Reyes García. |
| 250 | _a2 | ||
| 260 |
_aMéxico _bCIESAS : Estado de Puebla : FCE _c1989 |
||
| 300 |
_a287 p. _bil. (algunas a color), mapas _c33 cm. |
||
| 440 | 0 |
_aColección Puebla _9391 |
|
| 500 | _aIncluye índices toponímicos, onomásticos, de grupos étnicos y gentilicios, de títulos y cargos, de dioses y términos nauas | ||
| 504 | _aBibliografía: p. 285-287 | ||
| 650 | 1 | 4 |
_aChichimecas _xHistoria _zMéxico _97943 |
| 650 | 1 | 4 |
_aToltecas _xHistoria _zMéxico _99834 |
| 700 | 1 |
_aOdena Güemes, Lina _99835 |
|
| 700 | 1 |
_aReyes García, Luis _99836 |
|
| 942 |
_2lcc _cB |
||
| 999 |
_c3500 _d3500 |
||